| 000 | 00468nam a22001937a 4500 | ||
|---|---|---|---|
| 005 | 20260123135518.0 | ||
| 008 | 260123b |||||||| |||| 00| 0 eng d | ||
| 020 |
_a9789354662751 _c650.00 |
||
| 040 | _aMAIN | ||
| 041 | _aEnglish | ||
| 082 |
_a333.954 _bSIN |
||
| 100 |
_aSingh, S.K. _910772 |
||
| 245 | _aTextbook of Wildlife Management | ||
| 250 | _a4th | ||
| 260 |
_aNew Delhi _bCBS _c2026 |
||
| 300 | _a436 | ||
| 650 | _aEnvironmental Science | ||
| 942 | _cBK | ||
| 999 |
_c60082 _d60082 |
||